00257pab a2200121 454500008004000000100002500040245001500065260000900080300000800089362001000097650001400107773001400121180718b1999 xxu||||| |||| 00| 0 eng d aChatterjee, Achintya aRole model c1999 ap.6 a5 Sep aEducation aStatesman